000 00303nam a2200109Ia 4500
008 171204s9999 xx 000 0 und d
245 _aEconomics For Managers:
245 _cPaul G. Farnham
260 _c2014
650 _xMANAGERIAL ECONOMICS
856 _uhttp://down.ebook777.com/018/9781292060095.pdf
999 _c347031
_d347031